Language Quiz

Random Language or Letter Quiz

Ends in 'EO' Quiz Stats

Quiz Updated Jul 10, 2015

Challenge
Share
Tweet
Embed
Score 0/20 Timer 04:00
0 Plays Today
Clue EO Thing % Correct
A brief appearance by a celebrity in a moviecameo
97.2%
Juliet's lover of literatureRomeo
95.5%
A black and white sandwich cookie brandOreo
95%
Something you can watch on YouTubevideo
94.6%
The zodiac sign for early AugustLeo
91.8%
A round-up featuring bull-riding and other contestsrodeo
89.1%
Heliocentric Italian astronomerGalileo
87.9%
A music-playing sound systemstereo
84.9%
The Spanish version of MatthewMateo
83.9%
Island with Malaysia, Indonesia and BruneiBorneo
80.2%
Clue EO Thing % Correct
The central figure of the Matrix moviesNeo
77.9%
The son on 'The Cosby Show'Theo
68%
The diet also known as the caveman dietpaleo
65.8%
Margarineoleo
61.5%
The capital city of UruguayMontevideo
55.8%
Ellen who is the star of 'Grey's Anatomy'Pompeo
46.3%
Pinocchio's goldfishCleo
34.4%
Operatic partner to EuridiceOrfeo
15.1%
An evening stroll or a boulevardpaseo
9.3%
A usually grey insect-eating birdvireo
8.8%

You're not logged in!

Compare scores with friends on all Sporcle quizzes.
Join for Free
OR
Log In

You Might Also Like...

Show Comments

Extras

Top Quizzes Today


Score Distribution

Your Account Isn't Verified!

In order to create a playlist on Sporcle, you need to verify the email address you used during registration. Go to your Sporcle Settings to finish the process.

Report this User

Report this user for behavior that violates our Community Guidelines.

Details: